000 00267nam a22001217a 4500
082 _aAUS
100 _aAuslander david M
245 _aintroducing systems and control
250 _a3rd ed
260 _aNew York
_bMcGraw hill
_c1974
300 _a514.60
942 _cBK
999 _c11898
_d11898